|
|
|
|
| LEADER |
00000cam a2200000 4500 |
| 001 |
vtls012195776 |
| 003 |
SK-MaSNL |
| 005 |
20260426013713.0 |
| 008 |
230213s2022 xr g np 000 0 cze |
| 015 |
|
|
|a SNBZSA2023/12
|
| 020 |
|
|
|a 9788073808860
|q (brožované)
|
| 040 |
|
|
|a SNK
|b slo
|c SNK
|e rda
|
| 041 |
0 |
|
|a cze
|b eng
|
| 043 |
|
|
|a e-xr---
|a e-cs---
|
| 044 |
|
|
|a xr
|c CZ
|
| 072 |
|
7 |
|a 34
|x Právo
|2 konspekt
|
| 072 |
|
7 |
|a 37.016
|x Učebné osnovy. Vyučovacie predmety. Učebnice
|2 konspekt
|
| 080 |
|
|
|a 34(091)
|2 2011
|
| 080 |
|
|
|a (437.3)
|2 2011
|
| 080 |
|
|
|a (437)
|2 2011
|
| 080 |
|
|
|a (075.8)
|2 2011
|
| 080 |
|
|
|a (076.5)
|2 2011
|
| 100 |
1 |
|
|a Valentová, Vendulka
|4 aut
|9 217921
|
| 245 |
1 |
0 |
|a Praktikum ke studiu českých a československých právních dějin do roku 1918
|n I.
|c Vendulka Valentová, Antonín Lojek
|
| 264 |
|
1 |
|a Plzeň
|b Vydavatelství a nakladatelství Aleš Čeněk, s.r.o.
|c 2022
|
| 300 |
|
|
|a 217 strán
|c 23 cm
|
| 336 |
|
|
|a text
|b txt
|2 rdacontent
|
| 337 |
|
|
|a bez média
|b n
|2 rdamedia
|
| 338 |
|
|
|a zväzok
|b nc
|2 rdacarrier
|
| 504 |
|
|
|a Obsahuje bibliografiu a bibliografické odkazy
|
| 648 |
|
7 |
|a do 1918
|2 SNKPH
|9 280155
|
| 650 |
0 |
7 |
|a právne dejiny
|2 SNKPH
|9 977
|
| 650 |
0 |
7 |
|a History of law
|2 SNKPHeng
|9 266462
|
| 651 |
|
7 |
|a Česko
|2 SNKPHgeo
|9 16753
|
| 651 |
|
7 |
|a Czechia
|2 SNKPHeng
|9 170107
|
| 651 |
|
7 |
|a Československo
|2 SNKPHgeo
|9 21376
|
| 651 |
|
7 |
|a Czechoslovakia
|2 SNKPHeng
|9 265183
|
| 655 |
|
7 |
|a učebnice vysokých škôl
|2 SNKPH
|9 70191
|
| 655 |
|
7 |
|a Textbooks (higher)
|2 SNKPHeng
|9 276436
|
| 655 |
|
7 |
|a praktické cvičenia
|2 SNKPH
|9 70517
|
| 655 |
|
7 |
|a Problems, exercises, etc.
|2 SNKPHeng
|9 278342
|
| 700 |
1 |
|
|a Lojek, Antonín
|4 aut
|9 624322
|
| 919 |
|
|
|a 978-80-7380-886-0
|
| 954 |
|
|
|a odborná, vedecká literatúra cudzojazyčná (svetová)
|2 lita
|
| 958 |
|
|
|a ZS
|
| 958 |
|
|
|a NB
|
| 999 |
|
|
|c 1130821
|d 1132751
|
| 952 |
|
|
|a SNK
|b SNK
|y PREZ
|7 0
|p 17A1539635
|o snkSC 204383
|i snk2023/17121
|8 4
|g 11.30
|0 0
|1 0
|4 0
|d 2023-02-13
|l 0
|r 2025-10-28 00:00:00
|w 2026-02-24
|